ბათუმის შოთა რუსთაველის სახელმწიფო უნივერსიტეტის ბიბლიოთეკა

ინფექციური დაავადებანი ეპიდემიოლოგიის საფუძვლებით : (ბიბ.ჩანაწერი № 61950)

000 -ლიდერი
ფიქსირებული სიგრძის საკონტროლო ველი 01159nam a22002057a 4500
003 - საკონტროლო ნომრის იდენტიფიკატორი
საკონტროლო ველი Ge_BSU
005 - ბოლო ოპერაციის თარიღი და დრო
საკონტროლო ველი 20240614105444.0
008 - ფიქსირებული სიგრძის მონაცემთა ელემენტები - ზოგადი ინფორმაცია
ფიქსირებული სიგრძის საკონტროლო ველი 240614s1977 ge ||||| |||| 00| 0 geo d
041 ## - ენის კოდი
Language code of text/sound track or separate title geo
080 ## - უნივერსალური ათობითი კლასიფიკაციის ინდექსი
Universal Decimal Classification number 616.9 + 616-036.22 ხ-12
100 ## - მთავარი ჩანაწერი - პიროვნების სახელი
Personal name ხაბაზი, ა.
9 (RLIN) 22428
245 ## - ცნობა სათაურის შესახებ
Title ინფექციური დაავადებანი ეპიდემიოლოგიის საფუძვლებით :
Remainder of title [სახელმძღვ. სამედ. სასწ. მედდების, მეანობისა და საფერშლო-სალაბორანტო განყ-ბის მოსწავლეთათვის] /
Statement of responsibility, etc ა. ხარაზი, ე. ეგორაშვილი.
264 ## - წარმოების, გამოცემის, დისტრიბუციის და სხვა ცნობები
გამოცემის, წარმოების, დისტრიბუციის... ადგილი თბ. :
გამოცემის, წარმოების, დისტრიბუციის... სახელწოდება განათლება,
გამოცემის, წარმოების, დისტრიბუციის... თარიღი 1977.
300 ## - ფიზიკური აღწერა
Extent 271 გვ. :
Other physical details ილ.; 4ფ. ილ. ;
Dimensions 22 სმ.
653 ## - INDEX TERM--UNCONTROLLED
Uncontrolled term ინფექციური დაავადებები
653 ## - INDEX TERM--UNCONTROLLED
Uncontrolled term ეპიდემიოლოგია
653 ## - INDEX TERM--UNCONTROLLED
Uncontrolled term მედიცინა
700 ## - ADDED ENTRY--PERSONAL NAME
Personal name ეგორაშვილი, ე.
Relator term ავტორი
9 (RLIN) 22429
942 ## - ADDED ENTRY ELEMENTS (KOHA)
Source of classification or shelving scheme
Koha item type წიგნი
ეგზემპლარები
ჩამოწერის სტატუსი დაკარგული ეგზემპლარის სტატუსი კლასიფიკაციის წყარო ან თაროზე გაწყობის სქემა დაზიანების სტატუსი არ გაიცემა მუდმივი მდებარეობა (დაცვის ადგილი) ამჟამინდელი ადგილსამყოფელი თაროზე განთავსების ადგილი შეძენის თარიღი ღირებულება, შესყიდვის ნორმალური ფასი სრული შენახვის შიფრი შტრიხკოდი ბოლო ოპერაციის თარიღი ეგზემპლარის მიმდევრობითი ნომერი (კეტერი?) ფასის ძალაში შესვლის თარიღი ეგზემპლარის სახეობა საჯარო შენიშვნა
          ბათუმის შოთა რუსთაველის სახელმწიფო უნივერსიტეტის მთავარი ბიბლიოთეკა ბათუმის შოთა რუსთაველის სახელმწიფო უნივერსიტეტის მთავარი ბიბლიოთეკა წიგნსაცავი 2024-06-14 8.00 616.9 + 616-036.22 ხ-12 68186 2024-06-14 68186 2024-06-14 წიგნი 8 ლ.
          ბათუმის შოთა რუსთაველის სახელმწიფო უნივერსიტეტის მთავარი ბიბლიოთეკა ბათუმის შოთა რუსთაველის სახელმწიფო უნივერსიტეტის მთავარი ბიბლიოთეკა წიგნსაცავი 2024-06-17 8.00 616.9 + 616-036.22 ხ-12 68212 2024-06-17 68212 2024-06-17 წიგნი 8.00